000 00922nam a22003497a 4500
001 0001875
003 KOHA_MİRAKIL
005 20260207001255.0
007 ta
008 090319b2005 tu |||gr||||#||||0|tur |
020 _a9757746010
040 _aTR-BiSEU
_btur
_cTR-BiSEU
_erda
041 0 _atur
044 _ctu
050 _aQH366.2
_b.D46 2005
100 1 _aDemirsoy, Ali.
245 1 _aKalıtım ve evrim/
_cAli Demirsoy ; Ali Demirsoy.
250 _a13. bs.
264 1 _aAnkara :
_b[y.y.]
_c2005
300 _aXXIII, 946 sayfa: resimli
336 _ametin
_btxt
_2rdacontent
337 _aaracısız
_bn
_2rdamedia
338 _acilt
_bnc
_2rdacarrier
490 0 _aYayın no.
490 0 _a9406Y005702
500 _aKaynakça ve dizin var.
650 0 _aGenetik.
_93022
650 0 _aEvrim Biyoloji.
_94197
830 0 _aYayın no.
_91619
830 0 _a9406Y005702
_95525
942 _2lcc
_cBK
999 _c1862
_d1862